[Event "World Blitz Women 2022"]
[Site "Almaty KAZ"]
[Date "2022.12.29"]
[Round "5.34"]
[White "Serikbay, Assel"]
[Black "Mammadova, Gulnar"]
[Result "0-1"]
[WhiteTitle "WIM"]
[BlackTitle "IM"]
[WhiteElo "2230"]
[BlackElo "2376"]
[WhiteFideId "13706799"]
[BlackFideId "13403508"]
[EventDate "2022.12.29"]

1. d4 g6 2. c4 Bg7 3. g3 d6 4. Bg2 Nd7 5. Nc3 e5 6. Nf3 Ne7 7. O-O O-O 8. e4
exd4 9. Nxd4 Nc6 10. Be3 Nde5 11. Nxc6 bxc6 12. c5 Rb8 13. cxd6 cxd6 14. b3 Ba6
15. Bxa7 Rb7 16. Bd4 Bxf1 17. Bxf1 Qf6 18. Bg2 Nf3+ 19. Bxf3 Qxd4 20. Qxd4 Bxd4
21. Rc1 Ra7 22. Na4 c5 23. Kf1 f5 24. Rc2 Kg7 25. Kg2 Raf7 26. e5 Bxe5 27. Nb6
f4 28. g4 Rb8 29. Nc4 Kf6 30. Re2 Re7 31. h4 h6 32. Rd2 Rd8 33. Nb6 Ra7 34. Nd5+
Kg7 35. Nb6 Re8 36. Bc6 Re6 37. Bd5 Rf6 38. f3 Rf8 39. Nc4 Re7 40. Be4 Rd8 41.
Bd5 Bd4 42. Bc6 d5 43. Na5 Ra7 44. Nb7 Rb8 45. Nd6 Ra6 46. Ne8+ Kf8 47. Bxd5
Rxe8 48. Bc4 Ra7 49. a4 Re1 0-1

[Event "World Blitz Women 2022"]
[Site "Almaty KAZ"]
[Date "2022.12.29"]
[Round "5.35"]
[White "Gong, Qianyun"]
[Black "Shukhman, Anna"]
[Result "1-0"]
[WhiteTitle "WGM"]
[BlackTitle "WFM"]
[WhiteElo "2299"]
[BlackElo "2161"]
[WhiteFideId "8602425"]
[BlackFideId "54180058"]
[EventDate "2022.12.29"]

1. e4 c5 2. Nc3 e6 3. f4 d5 4. Nf3 Nc6 5. Bb5 dxe4 6. Nxe4 Nf6 7. Bxc6+ bxc6 8.
Qe2 Nxe4 9. Qxe4 Qd5 10. Qe2 Bd6 11. d3 Ba6 12. c4 Qf5 13. O-O Rd8 14. Be3 Bxf4
15. Bxf4 Qxf4 16. Ne5 Qd4+ 17. Kh1 O-O 18. Nxc6 Qxd3 19. Qh5 Rd6 20. Ne7+ Kh8
21. Rfd1 Qxd1+ 22. Rxd1 Rxd1+ 23. Qxd1 Bxc4 24. h3 Bxa2 25. Qd6 Re8 26. Qd7 Rf8
27. Qxa7 Bb3 28. Qxc5 Ra8 29. Kh2 h6 30. Nc6 Bd5 31. Ne5 Kg8 32. Qe7 Rf8 33. b4
f6 34. Ng6 Rb8 35. h4 h5 36. Nf4 Rb5 37. Nxe6 Bxe6 38. Qe8+ 1-0

[Event "World Blitz Women 2022"]
[Site "Almaty KAZ"]
[Date "2022.12.29"]
[Round "5.36"]
[White "Nomindalai, Tumurbaatar"]
[Black "Yao, Lan"]
[Result "0-1"]
[WhiteTitle "CM"]
[BlackTitle "WIM"]
[WhiteElo "2132"]
[BlackElo "2271"]
[WhiteFideId "4904095"]
[BlackFideId "8610835"]
[EventDate "2022.12.29"]

1. d4 Nf6 2. c4 e6 3. g3 d5 4. Nf3 dxc4 5. Bg2 a6 6. O-O Nc6 7. e3 Rb8 8. Nfd2
e5 9. Bxc6+ bxc6 10. dxe5 Ng4 11. Nxc4 Be6 12. Nbd2 Bb4 13. b3 h5 14. h3 Bc3 15.
Bb2 Bxb2 16. Nxb2 Nxe5 17. Ndc4 Qf6 18. Nxe5 Qxe5 19. Qf3 Qxb2 20. Qxc6+ Kf8 21.
Qxc7 Rc8 22. Qd6+ Kg8 23. Rab1 Qf6 24. Rfc1 Rd8 25. Qxa6 Qf3 26. Qc6 Bd5 0-1

[Event "World Blitz Women 2022"]
[Site "Almaty KAZ"]
[Date "2022.12.29"]
[Round "5.37"]
[White "Paramzina, Anastasya"]
[Black "Borisova, Ekaterina"]
[Result "1-0"]
[WhiteTitle "WGM"]
[BlackTitle "FM"]
[WhiteElo "2227"]
[BlackElo "2223"]
[WhiteFideId "4165012"]
[BlackFideId "34124184"]
[EventDate "2022.12.29"]

1. e4 e5 2. Nf3 Nc6 3. Bc4 Nf6 4. d3 h6 5. O-O g5 6. a4 Bg7 7. a5 a6 8. c3 d6 9.
Nbd2 Ne7 10. d4 Ng6 11. Ra4 O-O 12. Rb4 g4 13. Ne1 exd4 14. cxd4 Re8 15. Qb3 d5
16. exd5 Qd6 17. Nc2 Ne4 18. Nxe4 Rxe4 19. Bd3 Re7 20. Ne3 Nh4 21. Bb1 f5 22.
Nc4 Qxd5 23. Qg3 Ng6 24. Ba2 Kh7 25. Bb3 Qxd4 26. Ra4 Bd7 27. Ra3 f4 28. Qc3
Qxc3 29. bxc3 Bb5 30. Rd1 Rae8 31. Bd2 Re2 32. Raa1 Bf8 33. Na3 Bc5 34. Nxb5
axb5 35. Be1 f3 36. Kf1 fxg2+ 37. Kxg2 Nf4+ 38. Kf1 Nh3 39. Rd2 Rxd2 40. Bxd2
Bxf2 41. Bc2+ Kg8 42. Rd1 Bc5 43. Bxh6 Re7 44. Bb3+ Kh7 45. Bc1 c6 46. Rd8 Re5
47. Bc2+ Kg7 48. c4 1-0

[Event "World Blitz Women 2022"]
[Site "Almaty KAZ"]
[Date "2022.12.29"]
[Round "5.38"]
[White "Hajiyeva, Laman"]
[Black "Savitha, Shri B"]
[Result "0-1"]
[WhiteTitle "WFM"]
[BlackTitle "WIM"]
[WhiteElo "2135"]
[BlackElo "2411"]
[WhiteFideId "13415875"]
[BlackFideId "35061887"]
[EventDate "2022.12.29"]

1. e4 c5 2. c3 d5 3. exd5 Qxd5 4. d4 Nf6 5. Nf3 Bg4 6. Nbd2 e6 7. Bc4 Qd8 8.
Qa4+ Nbd7 9. Ne5 a6 10. Nxg4 Nxg4 11. Qd1 Ngf6 12. O-O cxd4 13. cxd4 Bd6 14. Nf3
O-O 15. Qe2 Rc8 16. Bg5 Qa5 17. a3 h6 18. Bh4 Qh5 19. Bg3 Bxg3 20. fxg3 Ng4 21.
Bd3 Ngf6 22. Rae1 Qd5 23. Qe3 Ng4 24. Qf4 Ngf6 25. Ne5 Nxe5 26. Rxe5 Qd6 27. Bb1
Rfd8 28. Rd1 Qb6 29. Re2 Rc4 30. Red2 Rc7 31. g4 Rcd7 32. h4 Rd5 33. Kh2 Qb5 34.
Ba2 R5d7 35. g5 hxg5 36. hxg5 Nh7 37. g6 Qh5+ 38. Kg1 Qxg6 39. Bb1 Qh5 40. Qe3
Nf6 41. Qf4 Ng4 42. Be4 e5 43. dxe5 Rxd2 44. Rxd2 Rxd2 45. Qxd2 Qh4 46. Qc2 Qe1# 0-1

[Event "World Blitz Women 2022"]
[Site "Almaty KAZ"]
[Date "2022.12.29"]
[Round "5.39"]
[White "Balajayeva, Khanim"]
[Black "Mikheeva, Galina"]
[Result "1-0"]
[WhiteTitle "WGM"]
[BlackTitle "WFM"]
[WhiteElo "2379"]
[BlackElo "1969"]
[WhiteFideId "13406396"]
[BlackFideId "44108320"]
[EventDate "2022.12.29"]

1. e4 e5 2. Nf3 Nc6 3. Nc3 Nf6 4. a3 d5 5. Bb5 dxe4 6. Nxe5 Bd7 7. Nxd7 Qxd7 8.
O-O a6 9. Bxc6 Qxc6 10. Re1 Bc5 11. b4 Bd4 12. Rb1 O-O 13. Ne2 Bb6 14. Ng3 Rfe8
15. Bb2 Rad8 16. Bxf6 Qxf6 17. Nxe4 Qf4 18. g3 Qf5 19. d3 h6 20. Kg2 Qd5 21. Qf3
Qd7 22. Rbd1 c6 1-0

[Event "World Blitz Women 2022"]
[Site "Almaty KAZ"]
[Date "2022.12.29"]
[Round "5.40"]
[White "Nurgaliyeva, Zarina"]
[Black "Foudzi, Siti Zulaikha"]
[Result "1-0"]
[WhiteTitle "WFM"]
[BlackTitle "WIM"]
[WhiteElo "2013"]
[BlackElo "2136"]
[WhiteFideId "13730096"]
[BlackFideId "5700965"]
[EventDate "2022.12.29"]

1. e4 g6 2. d4 Bg7 3. Nf3 d6 4. Bc4 a6 5. a4 Nc6 6. O-O Nf6 7. Qe2 e5 8. dxe5
dxe5 9. Rd1 Qe7 10. b3 Nd8 11. Ba3 c5 12. Nc3 O-O 13. Nd5 Nxd5 14. Rxd5 b6 15.
Rad1 Be6 16. Rd6 Qc7 17. Ng5 Bxc4 18. Qxc4 h6 19. Nf3 Ne6 20. R6d2 Rfd8 21. Bb2
Rxd2 22. Rxd2 Re8 23. h4 Nf4 24. g3 Ne6 25. Qxa6 Nd4 26. Bxd4 exd4 27. Qd3 h5
28. Re2 Bh6 29. e5 Qe7 30. e6 Qf6 31. exf7+ Kxf7 32. Qc4+ Kf8 33. Rxe8+ Kxe8 34.
Qe2+ Kf8 35. Qe4 Bg7 36. Ng5 Qe5 37. Qxg6 Qf6 38. Nh7+ 1-0

[Event "World Blitz Women 2022"]
[Site "Almaty KAZ"]
[Date "2022.12.29"]
[Round "5.41"]
[White "Kurmangaliyeva, Liya"]
[Black "Sultanbek, Zeinep"]
[Result "1-0"]
[WhiteTitle "FM"]
[BlackTitle "WIM"]
[WhiteElo "2287"]
[BlackElo "1891"]
[WhiteFideId "13725831"]
[BlackFideId "13710419"]
[EventDate "2022.12.29"]

1. e4 c5 2. Nf3 d6 3. d4 cxd4 4. Nxd4 Nf6 5. Nc3 a6 6. h3 g6 7. g4 Bg7 8. Be3
Nc6 9. Bg2 h5 10. g5 Nd7 11. Qd2 Na5 12. b3 Rb8 13. O-O b5 14. f4 e5 15. Nde2
exf4 16. Bxf4 Ne5 17. Nd5 O-O 18. Nf6+ Kh8 19. Rad1 Qb6+ 20. Be3 Qc7 21. Nf4 Bb7
22. Qe2 Bxf6 23. gxf6 Nd7 24. Nxh5 Rfe8 25. Qg4 Re5 26. Ng3 Qd8 27. Rxd6 Bc8 28.
Bd4 Re8 29. Qh4+ Kg8 30. Qh6 1-0

[Event "World Blitz Women 2022"]
[Site "Almaty KAZ"]
[Date "2022.12.29"]
[Round "5.42"]
[White "Kairbekova, Amina"]
[Black "Kim, Kristina"]
[Result "1-0"]
[WhiteTitle "WIM"]
[BlackTitle "WCM"]
[WhiteElo "2209"]
[BlackElo "1930"]
[WhiteFideId "13712799"]
[BlackFideId "13712438"]
[EventDate "2022.12.29"]

1. e4 Nf6 2. e5 Nd5 3. d4 d6 4. c4 Nb6 5. exd6 cxd6 6. Nc3 g6 7. Be3 Bg7 8. Rc1
O-O 9. b3 Nc6 10. d5 Ne5 11. Be2 h5 12. f4 Ng4 13. Bxg4 Bxg4 14. Nf3 e5 15. O-O
Nd7 16. h3 Bxf3 17. Qxf3 f5 18. Qf2 e4 19. Nb5 Nf6 20. Nd4 Qe7 21. Ne6 Rfc8 22.
Qg3 Qf7 23. Rfd1 Ne8 24. Bd4 Bxd4+ 25. Nxd4 Ng7 26. Nb5 Qf6 27. Qe3 a6 28. Nc3
Ne8 29. Na4 b5 30. Nb6 Rab8 31. Nxc8 Rxc8 32. cxb5 Rxc1 33. Qxc1 axb5 34. Qc8
Kg7 1-0

[Event "World Blitz Women 2022"]
[Site "Almaty KAZ"]
[Date "2022.12.29"]
[Round "5.43"]
[White "Kaldarova, Ayaulym"]
[Black "Mikhaylova, Irina"]
[Result "1-0"]
[BlackTitle "WGM"]
[WhiteElo "1832"]
[BlackElo "2257"]
[WhiteFideId "13720503"]
[BlackFideId "4109040"]
[EventDate "2022.12.29"]

1. Nf3 Nf6 2. c4 g6 3. g3 Bg7 4. Bg2 O-O 5. O-O c6 6. Nc3 d5 7. cxd5 cxd5 8. d4
e6 9. Bf4 Qb6 10. Qb3 Nc6 11. e3 Bd7 12. Na4 Qxb3 13. axb3 b6 14. Rfc1 Na5 15.
Nd2 Rfc8 16. b4 Rxc1+ 17. Rxc1 Bxa4 18. bxa5 bxa5 19. Ra1 Bb5 20. Rxa5 a6 21.
Bf1 Rb8 22. Bxb5 Rxb5 23. Ra2 Ne4 24. Nxe4 dxe4 25. Kf1 g5 26. Bd6 Bf8 27. Bxf8
Kxf8 28. Ke2 a5 29. Kd2 Ke7 30. Kc3 Kd6 31. Ra4 f5 32. Rc4 Rb8 33. Rc5 Ra8 34.
g4 fxg4 35. Rxg5 Rf8 36. Rxg4 Rxf2 37. h4 Kd5 38. Rg5+ Kd6 39. Re5 Rf3 40. Rxe4
Rh3 41. Kd3 Rh2 42. b3 Rb2 43. Kc3 Rh2 44. Re5 1-0

[Event "World Blitz Women 2022"]
[Site "Almaty KAZ"]
[Date "2022.12.29"]
[Round "5.44"]
[White "Chen, Jocelyn"]
[Black "Petrova, Irina"]
[Result "0-1"]
[WhiteTitle "WCM"]
[BlackTitle "WIM"]
[WhiteElo "1854"]
[BlackElo "2123"]
[WhiteFideId "30947154"]
[BlackFideId "14124122"]
[EventDate "2022.12.29"]

1. e4 d6 2. d4 Nf6 3. Nc3 e5 4. dxe5 dxe5 5. Qxd8+ Kxd8 6. Nf3 Bd6 7. Bd2 a6 8.
Bc4 Ke8 9. a4 b6 10. Ng5 Rf8 11. Nd5 Nbd7 12. Nxf6+ Nxf6 13. Bd3 Bb7 14. Bc3 h6
15. Nf3 Nd7 16. O-O-O f6 17. Nd2 Nc5 18. b3 Nxd3+ 19. cxd3 b5 20. Kc2 Ke7 21.
Ra1 Ke6 22. b4 Rfd8 23. a5 Rd7 24. Nb3 Rad8 25. d4 Bxe4+ 26. Kb2 exd4 27. Nxd4+
Kf7 28. f3 Bb7 29. Rhe1 Be5 30. Nf5 Rd2+ 31. Kb3 Bd5+ 32. Ka3 Bxc3 33. Re7+ Kf8
34. Rxg7 0-1

[Event "World Blitz Women 2022"]
[Site "Almaty KAZ"]
[Date "2022.12.29"]
[Round "5.45"]
[White "Nasybullina, Alfia"]
[Black "Martins de Aguiar, Marina"]
[Result "1-0"]
[WhiteTitle "WIM"]
[WhiteElo "2027"]
[BlackElo "1877"]
[WhiteFideId "4132416"]
[BlackFideId "2143321"]
[EventDate "2022.12.29"]

1. Nf3 Nf6 2. g3 g6 3. Bg2 Bg7 4. O-O O-O 5. d3 d6 6. e4 e5 7. Nbd2 Nc6 8. Nc4
Bd7 9. Ne3 Ne7 10. h3 Bc6 11. c4 Nd7 12. Nd5 Bxd5 13. cxd5 a5 14. Bd2 Nc5 15.
Qe2 Qd7 16. Rac1 Qb5 17. Be3 c6 18. dxc6 Nxc6 19. Rfd1 Nb4 20. a3 Nc6 21. Bf1
Nxe4 22. dxe4 Qa4 23. Qc4 Qxc4 24. Bxc4 Rad8 25. Bd5 Rd7 26. Bxc6 bxc6 27. Rxc6
Rb8 28. Rdxd6 Rxd6 29. Rxd6 Rxb2 30. Rd5 f6 31. Rxa5 Rb1+ 32. Kg2 Rb3 33. Ra7 g5
34. Nd2 Rb2 35. Nc4 Rc2 36. Nd6 h6 37. Nf5 Bf8 38. g4 Rc3 39. a4 Rc4 40. Kf3 Rc3
41. a5 Bc5 42. Nxh6+ Kh8 43. Rc7 1-0

[Event "World Blitz Women 2022"]
[Site "Almaty KAZ"]
[Date "2022.12.29"]
[Round "5.46"]
[White "Kaliakhmet, Elnaz"]
[Black "Kirchei, Viktoriia"]
[Result "0-1"]
[WhiteTitle "WFM"]
[BlackTitle "WFM"]
[WhiteElo "1786"]
[BlackElo "2070"]
[WhiteFideId "13730169"]
[BlackFideId "34133396"]
[EventDate "2022.12.29"]

1. d4 d6 2. Nc3 Nf6 3. Bf4 Nbd7 4. Nf3 g6 5. e4 Bg7 6. h4 c6 7. a4 Qa5 8. Bd3 e5
9. Be3 exd4 10. Nxd4 Nc5 11. O-O O-O 12. Rb1 Nxd3 13. cxd3 Ng4 14. Nde2 Qh5 15.
g3 Nxe3 16. fxe3 Bg4 17. Qd2 Qa5 18. b4 Qb6 19. d4 Rae8 20. Nf4 h6 21. Kg2 Qd8
22. b5 Qa5 23. bxc6 bxc6 24. Rfc1 c5 25. d5 Rb8 26. Qa2 Bxc3 27. Rb3 Bg7 28.
Rcb1 Rxb3 29. Rxb3 c4 30. Rb5 Qe1 31. Qb2 Bxb2 0-1

[Event "World Blitz Women 2022"]
[Site "Almaty KAZ"]
[Date "2022.12.29"]
[Round "5.47"]
[White "Bauyrzhan, Arnash"]
[Black "Samaganova, Aleksandra"]
[Result "1-0"]
[BlackTitle "WFM"]
[WhiteElo "2041"]
[BlackElo "1884"]
[WhiteFideId "13706322"]
[BlackFideId "13800221"]
[EventDate "2022.12.29"]

1. e4 c5 2. Nf3 e6 3. d4 cxd4 4. Nxd4 a6 5. Bd3 Qc7 6. O-O Nf6 7. Qe2 d6 8. c4
b6 9. Nc3 Bb7 10. f4 Nbd7 11. Bd2 Rc8 12. Rac1 Be7 13. b4 O-O 14. a3 Qb8 15. Be3
Rfe8 16. Qf3 Qa8 17. Nb3 d5 18. cxd5 exd5 19. e5 Ne4 20. Bxe4 dxe4 21. Qh3 Red8
22. Nd4 Qb8 23. e6 fxe6 24. Qxe6+ Kf8 25. Nf5 Bf6 26. Nd6 Ne5 27. fxe5 Rxd6 28.
Qxd6+ Qxd6 29. exd6 1-0

[Event "World Blitz Women 2022"]
[Site "Almaty KAZ"]
[Date "2022.12.29"]
[Round "5.48"]
[White "Druzhinina, Olga"]
[Black "Balakanova, Gulnar"]
[Result "1-0"]
[BlackTitle "WFM"]
[WhiteElo "2245"]
[BlackElo "1743"]
[WhiteFideId "4141911"]
[BlackFideId "13705890"]
[EventDate "2022.12.29"]

1. e4 c5 2. Nf3 Nc6 3. Bb5 e6 4. O-O a6 5. Bxc6 dxc6 6. d3 Nf6 7. Re1 Be7 8. a4
O-O 9. a5 h6 10. Nbd2 Nd7 11. Nc4 f6 12. e5 fxe5 13. Nfxe5 Nxe5 14. Nxe5 Bd6 15.
Qg4 Rf6 16. Bf4 Bc7 17. Bg3 Qd4 18. Re4 Qxb2 19. Rae1 Bxa5 20. Rf1 Bc3 21. Qh5
Qb6 22. Bh4 Bxe5 23. Rxe5 Rf8 24. Qg6 Qc7 25. Bg3 Qf7 26. Qg4 Bd7 27. Rfe1 Qf6
28. Rxc5 Rae8 29. Rc4 Rf7 30. Rf4 Qg5 31. Qf3 Rxf4 32. Bxf4 Qf5 33. Qg3 Qf7 34.
Bxh6 Rf8 35. h3 Qf6 36. Bg5 Qg6 37. h4 Rf5 38. Qb8+ Kh7 39. Qxb7 Be8 40. Qxa6
Qf7 41. Qb6 e5 42. Qe3 Bd7 43. Qe4 Qg6 44. Ra1 Be8 45. Ra7 Bf7 46. h5 Qxg5 47.
Rxf7 Qxh5 48. Qxf5+ Qxf5 49. Rxf5 1-0

[Event "World Blitz Women 2022"]
[Site "Almaty KAZ"]
[Date "2022.12.29"]
[Round "5.49"]
[White "Madi, Aidana"]
[Black "Balakanova, Bakhyt"]
[Result "0-1"]
[BlackTitle "WFM"]
[WhiteElo "1583"]
[BlackElo "2005"]
[WhiteFideId "13722689"]
[BlackFideId "13705881"]
[EventDate "2022.12.29"]

1. e4 Nf6 2. e5 Nd5 3. c4 Nb6 4. d4 d6 5. f4 Bf5 6. Nf3 e6 7. Nc3 Nc6 8. Be3 Be7
9. Be2 O-O 10. O-O d5 11. c5 Nd7 12. Bd3 Bg4 13. h3 Bh5 14. Qe1 f5 15. Rb1 Bxf3
16. Rxf3 Nxc5 17. dxc5 d4 18. Bc4 Qc8 19. Bf2 dxc3 20. Qxc3 Nd8 21. Rd3 b6 22.
cxb6 cxb6 23. Rbd1 Bc5 24. Bxc5 Qxc5+ 25. Kh2 Rc8 26. Rc1 Qf2 27. Rf3 Qh4 28.
Qd3 Kh8 29. Qb3 Nb7 30. Rd1 Nc5 31. Qc3 Ne4 32. Qb3 Nc5 33. Qc3 a6 34. Qa3 0-1

[Event "World Blitz Women 2022"]
[Site "Almaty KAZ"]
[Date "2022.12.29"]
[Round "6.1"]
[White "Tan, Zhongyi"]
[Black "Shuvalova, Polina"]
[Result "1/2-1/2"]
[WhiteTitle "GM"]
[BlackTitle "IM"]
[WhiteElo "2518"]
[BlackElo "2502"]
[WhiteFideId "8603642"]
[BlackFideId "24171760"]
[EventDate "2022.12.29"]

1. d4 Nf6 2. c4 e6 3. Nf3 d5 4. Bg5 Nbd7 5. e3 h6 6. Bh4 Be7 7. Nc3 O-O 8. Rc1
c5 9. cxd5 Nxd5 10. Bxe7 Nxe7 11. Be2 b6 12. O-O Bb7 13. dxc5 Nxc5 14. Qc2 Rc8
15. Rfd1 Qc7 16. Nb5 Qb8 17. Nd6 Rcd8 18. Nxb7 Qxb7 19. Nd4 Rc8 20. Bf3 Qb8 21.
Qb1 a6 22. h3 Rfd8 23. b4 Na4 24. Qb3 b5 25. Nxe6 Rxc1 26. Rxc1 fxe6 27. Qxe6+
Kf8 28. Bh5 g6 29. Bxg6 Nxg6 30. Qf6+ Kg8 31. Qxg6+ Kf8 32. Qxh6+ Kg8 33. Qg6+
Kf8 34. Qf6+ Kg8 35. g3 Qd6 36. Qg5+ Kh8 37. h4 Rf8 38. Qh5+ Kg8 39. Qg4+ Kh8
40. h5 Qf6 41. Rc2 Rg8 42. Qe4 Qg5 43. Qd4+ Qg7 44. Rc6 Qxd4 45. exd4 Rd8 46.
Rxa6 Rxd4 47. Kg2 Rxb4 48. f4 Nc3 49. Kh3 Ra4 50. Rc6 Ne4 51. g4 Rxa2 52. g5
Ra3+ 53. Kg4 b4 54. h6 Nf2+ 55. Kf5 Ra8 56. g6 Rf8+ 57. Ke5 Ng4+ 58. Ke6 Nxh6
59. Rc7 Re8+ 60. Kf6 Ng8+ 61. Kg5 Ne7 62. f5 Nd5 63. Rh7+ Kg8 64. Rd7 Re5 65.
Kh6 Nf6 66. Rd8+ Re8 67. Rd6 Rf8 68. Rb6 Nd5 69. Rd6 Rxf5 70. Rd8+ Rf8 71. Rxd5
Rb8 72. Rd2 b3 73. Rb2 Rb5 74. g7 Rb6+ 75. Kg5 Kxg7 76. Kf4 Kf6 77. Ke4 1/2-1/2

[Event "World Blitz Women 2022"]
[Site "Almaty KAZ"]
[Date "2022.12.29"]
[Round "6.2"]
[White "Harika, Dronavalli"]
[Black "Gunina, Valentina"]
[Result "1/2-1/2"]
[WhiteTitle "GM"]
[BlackTitle "GM"]
[WhiteElo "2507"]
[BlackElo "2476"]
[WhiteFideId "5015197"]
[BlackFideId "4167570"]
[EventDate "2022.12.29"]

1. b3 d5 2. Bb2 c6 3. g3 Nf6 4. Bg2 Bf5 5. d3 Nbd7 6. Nd2 e5 7. e4 Bg4 8. Ngf3
Bd6 9. h3 Bh5 10. O-O O-O 11. Qe1 Re8 12. Nh4 Nf8 13. Nf5 Bc7 14. Nf3 Bg6 15.
N3h4 a5 16. a4 Qd7 17. Rd1 Ne6 18. Nxg6 hxg6 19. Ne3 Nd4 20. exd5 Nxd5 21. Nxd5
cxd5 22. Qd2 Bb6 23. Kh2 Rad8 24. Rfe1 Qf5 25. Bxd4 Bxd4 26. Re2 e4 27. dxe4
dxe4 28. Qf4 Qxf4 29. gxf4 f5 30. Red2 Bb6 31. Rxd8 Bxd8 32. Rd7 b6 33. Bf1 Kh7
34. Bc4 g5 35. fxg5 Bxg5 36. Kg2 Bf4 37. Bf7 Rc8 38. c4 Rc6 39. Rd5 Rf6 40. Be8
Kh6 41. c5 bxc5 42. Rxc5 Bd2 43. Rc6 Kg5 44. Rxf6 Kxf6 45. Bc6 Ke5 46. Kf1 Bb4
47. Ke2 Kf4 48. Bd7 Kg5 49. Be6 g6 50. Bf7 Kf6 51. Be8 g5 52. f3 Ke5 53. fxe4
Kxe4 54. Bd7 Kf4 55. Kf1 Bc5 56. Kg2 Ke4 57. Bc6+ Ke3 58. Bb7 Bb4 59. Bc8 f4 60.
Bb7 1/2-1/2

[Event "World Blitz Women 2022"]
[Site "Almaty KAZ"]
[Date "2022.12.29"]
[Round "6.3"]
[White "Lagno, Kateryna"]
[Black "Paehtz, Elisabeth"]
[Result "1/2-1/2"]
[WhiteTitle "GM"]
[BlackTitle "GM"]
[WhiteElo "2563"]
[BlackElo "2464"]
[WhiteFideId "14109336"]
[BlackFideId "4641833"]
[EventDate "2022.12.29"]

1. e4 c5 2. Nf3 d6 3. d4 cxd4 4. Nxd4 Nf6 5. Nc3 a6 6. Be2 e5 7. Nb3 Be7 8. Be3
Be6 9. O-O O-O 10. Re1 Nbd7 11. a4 Rc8 12. a5 Qc7 13. Qd3 g6 14. h3 Rfd8 15.
Red1 Nc5 16. Bxc5 dxc5 17. Qf3 c4 18. Nd2 Kg7 19. Nf1 Rxd1 20. Rxd1 Qxa5 21. Ne3
Qb4 22. Ncd5 Bxd5 23. exd5 e4 24. Qg3 Rd8 25. d6 Bf8 26. Nf5+ Kg8 27. Qg5 Bg7
28. Ne7+ Kf8 29. c3 Qb5 30. Qf4 Qc5 31. g4 b5 32. g5 Ne8 33. Rd5 Qb6 34. d7 Kxe7
35. Qxe4+ Qe6 36. dxe8=Q+ Rxe8 37. Qf3 Rd8 1/2-1/2

[Event "World Blitz Women 2022"]
[Site "Almaty KAZ"]
[Date "2022.12.29"]
[Round "6.4"]
[White "Tania, Sachdev"]
[Black "Goryachkina, Aleksandra"]
[Result "0-1"]
[WhiteTitle "IM"]
[BlackTitle "GM"]
[WhiteElo "2389"]
[BlackElo "2584"]
[WhiteFideId "5007844"]
[BlackFideId "4147103"]
[EventDate "2022.12.29"]

1. d4 d5 2. c4 c6 3. Nf3 Nf6 4. Nc3 dxc4 5. a4 Bf5 6. Ne5 e6 7. e3 Nbd7 8. Nxd7
Qxd7 9. Bxc4 Bb4 10. O-O O-O 11. Qe2 Bg6 12. Bd2 a5 13. Rfd1 Rfd8 14. Be1 Qe7
15. Rac1 h6 16. f3 c5 17. Bf2 cxd4 18. exd4 Rac8 19. Nb5 Nd5 20. Bxd5 Rxc1 21.
Rxc1 Rxd5 22. Rc8+ Rd8 23. Rc7 Rd7 24. Rc8+ Kh7 25. Be1 Bxe1 26. Qxe1 Bd3 27.
Qxa5 Bxb5 28. Qxb5 Rxd4 29. Qe2 Qd7 30. Qc2+ f5 31. Qc5 Rd1+ 32. Kf2 Qd2+ 33.
Kg3 Qg5+ 34. Kh3 Rd2 35. Qg1 Rxb2 36. Rc4 f4 37. Rc5 e5 0-1

[Event "World Blitz Women 2022"]
[Site "Almaty KAZ"]
[Date "2022.12.29"]
[Round "6.5"]
[White "Danielian, Elina"]
[Black "Stefanova, Antoaneta"]
[Result "1-0"]
[WhiteTitle "GM"]
[BlackTitle "GM"]
[WhiteElo "2431"]
[BlackElo "2442"]
[WhiteFideId "13300210"]
[BlackFideId "2902257"]
[EventDate "2022.12.29"]

1. d4 d5 2. Nf3 Nf6 3. c4 c6 4. e3 Bf5 5. Nc3 e6 6. Nh4 Be4 7. f3 Bg6 8. Qb3 Qc7
9. Bd2 Be7 10. Rc1 dxc4 11. Bxc4 Bh5 12. f4 Nbd7 13. O-O Nb6 14. Bd3 Rd8 15. Nf3
O-O 16. Ne5 Bg6 17. Nxg6 hxg6 18. Ne4 Nxe4 19. Bxe4 Nd5 20. g4 f5 21. Bf3 Bd6
22. Kh1 Qe7 23. Rg1 g5 24. gxf5 gxf4 25. e4 Nb6 26. fxe6 a5 27. a3 Qc7 28. e7+
Rf7 29. exd8=Q+ Qxd8 30. Bh5 Qe7 31. Qxf7+ Qxf7 32. Bxf7+ Kxf7 33. e5 Be7 34.
Bxa5 Nd5 35. Kg2 g5 36. Kf3 Ke6 37. Bd2 Kf5 38. Rg4 Nc7 39. h4 Ne6 40. Rc4 b5
41. Rb4 Bxb4 42. Bxb4 Nxd4+ 43. Kf2 Kxg4 44. hxg5 Kxg5 45. Bc5 Ne6 46. Bd6 Kf5
47. b3 Ke4 48. a4 bxa4 49. bxa4 Nd4 50. a5 Kd5 51. a6 Nb5 52. Kf3 c5 53. Kxf4 c4
54. Ke3 Na7 55. Kd2 Nb5 56. Kc2 Ke6 57. Bb8 Kd5 58. Kd2 Ke6 59. Ke3 Kd5 60. Bd6
Na7 61. Bc7 Nb5 62. Bb8 Kc6 63. Ke4 Kd7 64. Bd6 Kc6 65. Bb8 Kd7 66. a7 Nxa7 67.
Bxa7 Ke6 68. Bd4 Ke7 69. Bc3 Ke6 70. Kd4 Ke7 71. Kxc4 Ke6 72. Kd4 Ke7 73. Kd5
Kd7 74. e6+ Ke8 75. Bb4 Kd8 76. Ke5 Ke8 77. Kf6 Kd8 78. Kf7 Kc7 79. e7 1-0

[Event "World Blitz Women 2022"]
[Site "Almaty KAZ"]
[Date "2022.12.29"]
[Round "6.6"]
[White "Dzagnidze, Nana"]
[Black "Charochkina, Daria"]
[Result "1-0"]
[WhiteTitle "GM"]
[BlackTitle "IM"]
[WhiteElo "2517"]
[BlackElo "2344"]
[WhiteFideId "13601903"]
[BlackFideId "4180917"]
[EventDate "2022.12.29"]

1. c4 e5 2. Nc3 Nf6 3. g3 d5 4. cxd5 Nxd5 5. Bg2 Nb6 6. b3 Nc6 7. Bb2 Be7 8. Nf3
O-O 9. O-O Be6 10. d3 Qd7 11. Re1 f5 12. e4 f4 13. gxf4 Rxf4 14. Ne2 Rg4 15.
Nxe5 Nxe5 16. Bxe5 Rf8 17. d4 Rxg2+ 18. Kxg2 Bh3+ 19. Kg1 Bg4 20. Qd3 Rf3 21.
Qd2 h6 22. Ng3 Bg5 23. Qc2 Rf7 24. Rad1 Bxd1 25. Rxd1 Qh3 26. Qd3 Nd7 27. Qf1
Qg4 28. Re1 h5 29. h3 Qe6 30. Bxc7 h4 31. Nf5 g6 32. Nd6 Rf3 33. Qc4 Qxc4 34.
Nxc4 Rc3 35. e5 b5 36. e6 Nf8 37. e7 Bxe7 38. Rxe7 bxc4 39. Be5 Rc1+ 40. Kg2 g5
41. bxc4 Re1 42. c5 Nh7 43. Rg7+ Kh8 44. Rg6+ 1-0